| 000 | 00685nam a22002057a 4500 | ||
|---|---|---|---|
| 999 |
_c3320 _d3320 |
||
| 003 | AR-CdUCM | ||
| 008 | 190306b ||||| |||| 00| 0 spa d | ||
| 040 |
_aMUNICIPALIDAD PROVINCIAL DEL CUSCO _cBIBLIOTECA MUNICIPAL DEL CUSCO |
||
| 082 |
_23 ed. _a869.508 / _bF 1 |
||
| 110 |
_aPrimer festival del libro arequipeño _911034 |
||
| 245 |
_aArequipa : _bdescripción y estudio social / |
||
| 260 |
_aArequipa : _bLumen, _c1958. |
||
| 300 |
_a237 páginas ; _c17 cm. |
||
| 500 | _aDonación familia Nieto. (ejemplar 2) | ||
| 650 |
_aArequipa _91703 |
||
| 650 |
_aDescripciones y viajes _9497 |
||
| 700 |
_aCornejo Polar, Jorge (Prólogo) _911035 |
||
| 942 |
_2ddc _cLIBROS |
||
| 945 | _araen | ||